Boleto de viaje
সংরক্ষণ করুন:
| বিন্যাস: | অজ্ঞাত |
|---|---|
| ভাষা: | Spanish |
| প্রকাশিত: |
Guatemala :
Editorial Landivar,
c1967.
|
| বিষয়গুলি: | |
| ট্যাগগুলো: |
ট্যাগ যুক্ত করুন
কোনো ট্যাগ নেই, প্রথমজন হিসাবে ট্যাগ করুন!
|
MARC
| LEADER | 000000000a22000000004500 | ||
|---|---|---|---|
| 001 | 002475 | ||
| 041 | 0 | |a spa | |
| 082 | 0 | 4 | |a G861.4 |b A662b |
| 245 | 0 | 0 | |a Boleto de viaje |
| 260 | 1 | |a Guatemala : |b Editorial Landivar, |c c1967. | |
| 300 | |a 22 páginas | ||
| 650 | 4 | |a LITERATURA GUATEMALTECA | |
| 650 | 4 | |a POESIA | |
| 999 | |c 8908 |d 8908 | ||
| 942 | |c BK |h G861.4 A662b |2 z | ||
